Cơ sở kỹ thuật siêu âm
Tài liêu gồm 12 chương đã đề cập đến các vấn đề tính chất sóng âm, các tương tác của siêu âm với mô, nguyên lý và cấu trúc thiết bị siêu âm, các nguyên lý tạo ảnh siêu âm thời gian thực, chế độ M và siêu âm tâm đồ 2 chiều... tác đọ...
Zapisane w:
| 1. autor: | |
|---|---|
| Format: | Książka |
| Język: | Undetermined |
| Wydane: |
Hà Nội
Khoa học và Kỹ thuật
2003
|
| Hasła przedmiotowe: | |
| Etykiety: |
Dodaj etykietę
Nie ma etykietki, Dołącz pierwszą etykiete!
|
| Thư viện lưu trữ: | Trung tâm Học liệu Trường Đại học Cần Thơ |
|---|
| LEADER | 01035nam a2200205Ia 4500 | ||
|---|---|---|---|
| 001 | CTU_100919 | ||
| 008 | 210402s9999 xx 000 0 und d | ||
| 020 | |c 56000 | ||
| 082 | |a 534.55 | ||
| 082 | |b Th502 | ||
| 100 | |a Nguyễn, Đức Thuận | ||
| 245 | 0 | |a Cơ sở kỹ thuật siêu âm | |
| 245 | 0 | |c Nguyễn Đức Thuận, Nguyễn Vũ Sơn, Trần Anh Vũ | |
| 260 | |a Hà Nội | ||
| 260 | |b Khoa học và Kỹ thuật | ||
| 260 | |c 2003 | ||
| 520 | |a Tài liêu gồm 12 chương đã đề cập đến các vấn đề tính chất sóng âm, các tương tác của siêu âm với mô, nguyên lý và cấu trúc thiết bị siêu âm, các nguyên lý tạo ảnh siêu âm thời gian thực, chế độ M và siêu âm tâm đồ 2 chiều... tác động sinh học của siêu âm chuẩn đoán. | ||
| 650 | |a Ultrasonics | ||
| 904 | |i M.Loan | ||
| 980 | |a Trung tâm Học liệu Trường Đại học Cần Thơ | ||